00445nam a2200145Ia 4500008004100000041000900041082001800050100003000068245002800098260004500126300000800171650000800179999001700187952009500204230718s9999 xx 000 0 und d aEng. a347.02bNIA-I aNiazi Dr. Liaqat Ali Khan 0aIslamic law of Contract aPakistanbResearch cell publishersc1999 a511 aLaw c29702d29702 00104070aSIRC-LbSIRC-Ld2023-07-18l0o347.02 NIA-Ip24653r2023-07-18w2023-07-18yBK